01239nam a2200193 a 450000500170000000800410001704100080005804400070006611000260007324500310009926000760013030000100020652006970021665000110091365000300092465000290095466200380098365000240102120180803165346.0140128b2006 ck ||||| |||| 00| 0 spa d aspa ack bFundación Humedales aAgenda ambiental municipal aBogotábInstituto Alexander von HumboldtbFundación Humedalesc2006 a27 p. aEsta agenda es una herramienta municipal de planificación del municipio que corresponde al componente ambiental de los planes de ordenamiento territorial y los esquemas de ordenamiento territorial. Busca dar a conocer el territorio municipal en cuanto a paisaje, característcas de los suelos y las aguas (condiciones físicas), la vida animal y vegetal (condiciones bióticas), de salud, de educación, y de participación comunitaria (condiciones socioculturales), las actividades productivas (condiciones económicas) y de capacidad administrativa del municipio. Brinda a las autoridades locles los instrumentos necesarios que les permitan realizar una correcta gestión ambiental aAgenda aPlanificación municipal aOrdenamiento territorial aColombiacFúquenebCundinamarca aGestión ambiental